| 000 | 00783nam a22002055i 4500 | ||
|---|---|---|---|
| 001 | 154630 | ||
| 003 | ES-MaACL | ||
| 005 | 20250808063151.0 | ||
| 008 | 971126s1817 sp |||| | spa d | ||
| 040 |
_aCLM _bspa _cCLM |
||
| 100 | 1 |
_aGónzalez Villar, Juan. _9127733 |
|
| 245 | 1 | 0 |
_aRefutación de varios errores reproducidos con la ocasión de la Revolución Francesa y española / _ccompuesta por el doctor D. Juan González Villar ... |
| 260 |
_aEn Madrid : _b[s.n.], _c1817 ( _fImprenta de Sancha) |
||
| 300 |
_aXVI, 258, [2] p. ; _c8º (21 cm) |
||
| 597 | 1 | _aSign. : []\p8\s, A-P-\p8\s, Q\p10\s. | |
| 651 | 4 |
_aFrancia- _xHistoria _98679 |
|
| 651 | 4 |
_aEspaña- _xHistoria. _98209 |
|
| 852 |
_aES-MaACL _jD-2528 _z-- Enc. pasta española |
||
| 999 |
_c154630 _d154630 |
||